[Event "POL-chT 2nd League"]
[Site "Jastrzebia Gora"]
[Date "2022.09.10"]
[Round "8.41"]
[White "Goraj, Barbara"]
[Black "Owczarek, Monika"]
[Result "1-0"]
[WhiteElo "2121"]
[BlackElo "1453"]
[PlyCount "71"]
[EventDate "2022.09.03"]
[EventType "team-swiss"]
[EventRounds "9"]
[EventCountry "POL"]
[SourceTitle "CBM 210 Extra"]
[Source "ChessBase"]
[SourceDate "2022.11.30"]
[SourceVersion "1"]
[SourceVersionDate "2022.11.30"]
[SourceQuality "1"]
[WhiteTeam "Grudziadz Rotmistrz"]
[BlackTeam "Wisznia Mala Bialy Krol"]
[WhiteTeamCountry "POL"]
[BlackTeamCountry "POL"]

1. Nf3 c5 2. c4 Nc6 3. b3 Nf6 4. Bb2 g6 5. g3 Bg7 6. Bg2 0-0 7. 0-0 Rb8 8. e3 b5 9. cxb5 Rxb5 10. d4 cxd4 11. Nxd4 Nxd4 12. Bxd4 Bb7 13. Nc3 Bxg2 14. Kxg2 Qa8+ 15. f3 Rb7 16. e4 d6 17. Qd3 Nd7 18. Bxg7 Kxg7 19. Nd5 Nb6 20. Ne3 Rc8 21. h4 Rbc7 22. h5 f6 23. Rh1 Rc3 24. Qd2 R3c5 25. Qd4 Rxh5 26. Rxh5 gxh5 27. Nf5+ Kf7 28. Qd2 Qb7 29. Qh6 Rc2+ 30. Kh3 Ke6 31. Qxh7 Rc7 32. Rd1 d5 33. Qg8+ Ke5 34. f4+ Kxe4 35. Qe6+ Kf3 36. Qe3# 1-0

[Event "POL-chT blitz (Women)"]
[Site "Szczawno Zdroj"]
[Date "2018.12.15"]
[Round "3.5"]
[White "Owczarek, Monika"]
[Black "Parol, Pola"]
[Result "0-1"]
[WhiteElo "1342"]
[BlackElo "1723"]
[PlyCount "90"]
[EventDate "2018.12.15"]
[EventType "team-swiss"]
[EventRounds "11"]
[EventCountry "POL"]
[SourceTitle "CBM 187 Extra"]
[Source "ChessBase"]
[SourceDate "2018.11.04"]
[SourceVersion "1"]
[SourceVersionDate "2018.11.04"]
[SourceQuality "1"]

1. d4 Nf6 2. c4 e6 3. Nf3 d5 4. g3 Be7 5. Bg2 0-0 6. 0-0 dxc4 7. Nc3 c5 8. dxc5 Bxc5 9. Bg5 Be7 10. Rb1 Nc6 11. Bxf6 Bxf6 12. Ne4 Be7 13. a3 e5 14. Qxd8 Rxd8 15. Rfd1 Bf5 16. Nfd2 Na5 17. Rbc1 Rac8 18. Nc3 b6 19. Be4 Be6 20. Nf3 Nb3 21. Rxd8+ Rxd8 22. Rd1 Rxd1+ 23. Nxd1 f6 24. Nc3 Kf7 25. Bd5 Bc5 26. Kf1 Ke7 27. Bxe6 Kxe6 28. Ne4 Bd4 29. Nxd4+ exd4 30. Ke1 h6 31. f4 f5 32. Nf2 Kd5 33. Nd1 Ke4 34. Kf2 b5 35. h3 a5 36. e3 b4 37. exd4 Nxd4 38. axb4 axb4 39. Ke1 Kd3 40. Nf2+ Kc2 41. g4 g6 42. h4 Kxb2 43. g5 hxg5 44. h5 gxh5 45. fxg5 Nf3+ 0-1

[Event "POL-chT blitz (Women)"]
[Site "Szczawno Zdroj"]
[Date "2018.12.15"]
[Round "9.3"]
[White "Wikar, Martyna"]
[Black "Owczarek, Monika"]
[Result "1/2-1/2"]
[WhiteElo "1846"]
[BlackElo "1342"]
[PlyCount "89"]
[EventDate "2018.12.15"]
[EventType "team-swiss"]
[EventRounds "11"]
[EventCountry "POL"]
[SourceTitle "CBM 187 Extra"]
[Source "ChessBase"]
[SourceDate "2018.11.04"]
[SourceVersion "1"]
[SourceVersionDate "2018.11.04"]
[SourceQuality "1"]

1. e4 e6 2. d3 d5 3. Nd2 Ne7 4. Ngf3 dxe4 5. dxe4 Nbc6 6. c3 Ng6 7. Qc2 Bc5 8. g3 Nge5 9. Nxe5 Nxe5 10. Be2 0-0 11. 0-0 b6 12. Kg2 Bb7 13. f4 Ng6 14. b4 Be3 15. Bf3 Bxd2 16. Bxd2 Qd7 17. Rad1 Rfd8 18. Be3 Qe8 19. h4 Rxd1 20. Rxd1 Rd8 21. h5 Ne7 22. c4 h6 23. a3 f5 24. Rxd8 Qxd8 25. e5 Bxf3+ 26. Kxf3 Nc6 27. Kf2 Kf7 28. c5 Ne7 29. cxb6 cxb6 30. Qb3 Qd5 31. Qxd5 Nxd5 32. Bd2 Ke7 33. Ke2 Kd7 34. Kd3 a6 35. a4 Kc6 36. Kc4 b5+ 37. axb5+ axb5+ 38. Kd4 Ne7 39. Be1 g6 40. hxg6 Nxg6 41. Bd2 h5 42. Be1 Ne7 43. Bf2 Nd5 44. Be1 Nb6 45. Bf2 1/2-1/2

[Event "POL-chT U19 2nd League"]
[Site "Borowice"]
[Date "2012.07.29"]
[Round "11"]
[White "Owczarek, Monika"]
[Black "Jedrocha, Katarzyna"]
[Result "0-1"]
[WhiteElo "1493"]
[BlackElo "1563"]
[PlyCount "102"]
[EventDate "2012.07.21"]
[EventType "team-swiss"]
[EventRounds "11"]
[EventCountry "POL"]
[SourceTitle "EXT 2014"]
[Source "ChessBase"]
[SourceDate "2013.11.20"]
[SourceVersion "1"]
[SourceVersionDate "2013.11.20"]
[SourceQuality "1"]
[WhiteTeam "Zielona Gora KS 64 U19"]
[BlackTeam "Krakow KKSz U19 II"]
[WhiteTeamCountry "POL"]
[BlackTeamCountry "POL"]

1. d4 Nf6 2. c4 e6 3. Nf3 b6 4. Nc3 Bb4 5. Bd2 0-0 6. e3 Bb7 7. Be2 c5 8. 0-0 d5 9. cxd5 exd5 10. a3 Bxc3 11. Bxc3 Ne4 12. Qc2 Nd7 13. Rac1 Qe7 14. Rfd1 Nxc3 15. Qxc3 Rac8 16. Qd2 Nf6 17. Bd3 Ne4 18. Bxe4 dxe4 19. Ne5 f6 20. Nc4 cxd4 21. exd4 Rfd8 22. Ne3 Rxc1 23. Rxc1 Qd7 24. h3 Ba6 25. Qc3 Bd3 26. d5 Ba6 27. Qc7 Bb5 28. Nf5 g6 29. Ne3 Qxc7 30. Rxc7 Rd7 31. Rxd7 Bxd7 32. Kf1 Kf7 33. Ke2 Ke7 34. Kd2 Kd6 35. Kc3 Ke5 36. g3 Bxh3 37. Kc4 Bd7 38. b3 h5 39. Ng2 g5 40. a4 f5 41. a5 Be8 42. axb6 axb6 43. b4 f4 44. gxf4+ gxf4 45. Nh4 f3 46. d6 Bc6 47. Ng6+ Kxd6 48. Kd4 Bb7 49. Kc4 Ba6+ 50. Kd4 Bd3 51. Kc3 e3 0-1

[Event "POL-chT U19 2nd League"]
[Site "Borowice"]
[Date "2012.07.25"]
[Round "6"]
[White "Rolka, Anna"]
[Black "Owczarek, Monika"]
[Result "1/2-1/2"]
[WhiteElo "1521"]
[BlackElo "1493"]
[PlyCount "82"]
[EventDate "2012.07.21"]
[EventType "team-swiss"]
[EventRounds "11"]
[EventCountry "POL"]
[SourceTitle "EXT 2014"]
[Source "ChessBase"]
[SourceDate "2013.11.20"]
[SourceVersion "1"]
[SourceVersionDate "2013.11.20"]
[SourceQuality "1"]
[WhiteTeam "Chorzowskie Towarzystwo Szachowe U19"]
[BlackTeam "Zielona Gora KS 64 U19"]
[WhiteTeamCountry "POL"]
[BlackTeamCountry "POL"]

1. d4 Nf6 2. Nf3 b6 3. e3 Bb7 4. Be2 e6 5. 0-0 Be7 6. b3 0-0 7. Bb2 Ne4 8. c4 d5 9. Nbd2 Nd7 10. Nxe4 dxe4 11. Nd2 c5 12. Re1 Qc7 13. Nf1 Bf6 14. f3 Rad8 15. fxe4 Bxe4 16. Bf3 Qb7 17. Bxe4 Qxe4 18. Ng3 Qb7 19. Qg4 cxd4 20. exd4 g6 21. Nh5 Bh8 22. Rad1 Nf6 23. Nxf6+ Bxf6 24. Re3 Rd7 25. Qf3 Qxf3 26. Rxf3 Bg7 27. Re3 Rfd8 28. Re4 Kf8 29. Ba3+ Kg8 30. d5 exd5 31. Rxd5 Rxd5 32. cxd5 Bf8 33. Bxf8 Kxf8 34. Rd4 f5 35. Kf2 Kf7 36. Kf3 Kf6 37. Rd1 Rd6 38. g4 h6 39. Kf4 g5+ 40. Kf3 f4 41. Ke4 a6 1/2-1/2